Hodnotenie úspešnosti získavania a výberu zamestnancov

Prehľad absolútnych i pomerových ukazovateľov na hodnotenie úspešnosti získavania a výberu, ktorých využitie je zvlásť opodstatnené v podnikoch s vysokou fluktuáciou zamestnancov, rozvíjajúcich sa podnikoch a v spoločnostiach, ktoré ponúkajú sprostredkovanie zamestnania.

Gespeichert in:
Bibliographische Detailangaben
1. Verfasser: Olexová, Cecília, 1976-
Format: Buchkapitel
Sprache:Slowakisch
Schlagworte:
Tags: Tag hinzufügen
Keine Tags, Fügen Sie das erste Tag hinzu!

MARC

LEADER 00000naa a2200000 4500
001 0265180
005 20240502074207.9
041 0 |a slo 
044 |a SK 
245 1 0 |a Hodnotenie úspešnosti získavania a výberu zamestnancov  |c Cecília Olexová 
520 |a Prehľad absolútnych i pomerových ukazovateľov na hodnotenie úspešnosti získavania a výberu, ktorých využitie je zvlásť opodstatnené v podnikoch s vysokou fluktuáciou zamestnancov, rozvíjajúcich sa podnikoch a v spoločnostiach, ktoré ponúkajú sprostredkovanie zamestnania. 
610 2 0 |a zamestnanci 
610 2 0 |a hodnotenie pracovníkov 
610 2 0 |a miesta pracovné 
610 2 0 |a zamestnávatelia 
100 1 |a Olexová, Cecília, 1976-